| 000 | 00649nam a2200181 a 4500 | ||
|---|---|---|---|
| 001 | 000040303 | ||
| 005 | 20201002034038.0 | ||
| 008 | 130802s2009 mx 000 0 spa d | ||
| 020 | _a9703214983 | ||
| 040 |
_aDO-SdBNP _bspa _cBNPHU |
||
| 100 | 1 |
_aGutiérrez Nájera, Manuel _d1859-1895 _966587 |
|
| 245 | 1 | 0 |
_aPor donde se sube al cielo / _cManuel Gutiérrez Nájera ; introducción Belem Clark de Lara. |
| 260 |
_aMéxico : _bUniversidad Nacional Autónoma de México, _c2009. |
||
| 300 |
_a131 p. ; _c18 cm. |
||
| 490 | 1 |
_aRelato Licenciado Vidriera _v24 |
|
| 700 | 1 |
_aClark de Lara, Belem, _966588 |
|
| 830 | 0 |
_aRelato Licenciado Vidriera _v24 _966234 |
|
| 999 |
_c39793 _d39793 |
||